Batman vs Superman Movie Quiz - Statistics

General Stats
  • This quiz has been taken 672 times
    656 since last reset
  • The average score is 10 of 14
Answer Stats
Hint Answer % Correct
Who Dies Superman
98%
Who wins in fight Batman or Superman Batman
94%
Batman True identity Bruce Wayne
90%
Hott Superhero Wonder Woman
85%
What is the main energy source of Batman's new suit Kryptonite
84%
Superman's Weakness Kryptonite
84%
Does Superman Have a statue built after him? Yes
82%
Enemy that Superman and Batman take on Doomsday
81%
Superman's Wifes name Lois Lane
80%
Actor of Batman Ben Affleck
78%
Batman's Mothers name Martha Wayne
77%
In the beginning of the movie what movie is the first scene from? Man of Steel
54%
Batman's Parents died by what? Gunshot
52%
How does Superman die? Stabbed by Doomsday
8%
No matching quizzes found
Score Distribution
Percent of People with Each Score
Percentile by Number Answered
Your Score History
You have not taken this quiz since the last reset